A profile for change

Saved in:  
Bibliographic Details
Authors: Yochelson, Samuel (Author) ; Samenow, Stanton E. (Author)
Format: Print Book
Language:English
Published: New York Aronson 1976
In: The criminal personality. (Vol. 1)
Year: 1976
Check availability: HBZ Gateway
Subito Delivery Service: Order now.

MARC

LEADER 00000cam a2200000 cb4500
001 124602320
003 DE-627
005 20251222201006.0
007 tu
008 930612s1976 xxu||||| 00| ||eng c
020 |a 0876682182  |9 0-87668-218-2 
035 |a (DE-627)124602320 
035 |a (DE-576)9124602329 
035 |a (DE-599)GBV124602320 
035 |a (OCoLC)831969999 
040 |a DE-627  |b ger  |c DE-627  |e rakwb 
041 |a eng 
044 |c XD-US 
082 0 |a 364.3  |q OCLC 
084 |a 2,1  |2 ssgn 
100 1 |a Yochelson, Samuel  |4 aut 
245 1 2 |a A profile for change  |c Samuel Yochelson, Stanton E. Samenow 
264 1 |a New York  |b Aronson  |c 1976 
300 |a XI, 538 S.  |c 8" 
336 |a Text  |b txt  |2 rdacontent 
337 |a ohne Hilfsmittel zu benutzen  |b n  |2 rdamedia 
338 |a Band  |b nc  |2 rdacarrier 
490 1 |a The criminal personality / Samuel Yochelson; Stanton E. Samenow  |v Vol. 1 
505 8 |a Literaturangaben 
583 1 |a Archivierung prüfen  |c 20240324  |f DE-4165  |z 2  |2 pdager 
700 1 |a Samenow, Stanton E.  |4 aut 
800 1 |a Yochelson, Samuel  |t The criminal personality.  |v Vol. 1  |9 1.1976  |w (DE-627)124602312  |w (DE-576)9124602310  |7 am 
951 |a MV 
ELC |b 1 
ORI |a SA-MARC-krimdok_oa001.raw